HANNA MONTANA (Record no. 2325)
[ view plain ]
| 000 -LEADER | |
|---|---|
| fixed length control field | 00595nam a22001457a 4500 |
| 020 ## - INTERNATIONAL STANDARD BOOK NUMBER | |
| ISBN | 978-1-4075-3128-1 |
| 082 ## - DEWEY DECIMAL CLASSIFICATION NUMBER | |
| Classification number | 823 |
| Item number | MON/T |
| 100 ## - MAIN ENTRY--AUTHOR NAME | |
| Personal name | PORYES, MICHAEL |
| 245 ## - TITLE STATEMENT | |
| Title | HANNA MONTANA |
| Remainder of title | TRUTH OR DARE |
| 260 ## - PUBLICATION, DISTRIBUTION, ETC. (IMPRINT) | |
| Place of publication | UNITED KINGDOM |
| Name of publisher | PARRAGON |
| Year of publication | 2008 |
| 300 ## - PHYSICAL DESCRIPTION | |
| Number of Pages | 126 |
| 520 ## - SUMMARY, ETC. | |
| Summary, etc | Miley Stewart adores all the e-mail that Hannah Montana's fans send her. But when she gets one from a girl at her own school, Miley takes things a few steps too far. Will Miley's matchmaking work out? Or will it backfire, and ruin one of her closest friendships? |
| 650 ## - SUBJECT ADDED ENTRY--TOPICAL TERM | |
| Topical Term | NOVELS |
| Geographic subdivision | UNITED KINGDOM |
| 942 ## - ADDED ENTRY ELEMENTS (KOHA) | |
| Koha item type | Books |
| Withdrawn status | Lost status | Collection code | Home library | Current library | Shelving location | Date acquired | Source of acquisition | Cost, normal purchase price | Full call number | Accession Number | Koha item type |
|---|---|---|---|---|---|---|---|---|---|---|---|
| Fiction | Main Library | Main Library | SHELF 1-J-ENGLISH NOVELS FOR TEACHERS | 04/02/2019 | purchase | 50.00 | 823 MON/T | 10999 | Books | ||
| Fiction | Main Library | Main Library | SHELF 1-J-ENGLISH NOVELS FOR TEACHERS | 19/03/2014 | purchase | 30.00 | 823 MON/T | 07975 | Books |